00835nam a2200217 i 450000100060000000300090000600500170001500700030003200800410003510000240007624501630010026000320026330000400029549000250033570000290036074000270038983000330041685200310044999900170048095201200049780981ES-MaACL20250804062537.0t|041102s1976 sp ||||1| spa d1 aHoyle, Fred.96442310aDe Stonehenge a la Cosmología contemporánea b: ; Nicolás Copérnico : un ensayo sobre su vida y su obra / cFred Hoyle ; [traductor: Luis González]. aMadrid : bAlianza, c1976. a198 p., 1 lám. : bil. ; c18 cm.1 aEl libro de bolsillo1 aGonzález, Luis.9583540 aNicolás Copérnico.03aEl libro de bolsillo9177802 aES-MaACLjA-6405 bR.95259 c80981d80981 00104070aATENEOMbATENEOMcSPP1d2008-01-17eSCl0oA-6405p1084658r2023-02-23 00:00:00w2023-02-23yMONOGRAFIA